Regiones de Chile más Evangélicas - Estadísticas

Estadísticas generales
  • Esta prueba ha sido intentada 3 veces
  • La puntuación promedio es 7 de 10
Estadísticas de respuestas
Porcentaje Cifra Región % Correcto
13,23% 810.170 Metropolitana
100%
14,55% 11.869 Aysén
67%
33,49% 445.672 Biobío
67%
27,49% 227.056 La Araucanía
67%
17,29% 126.691 Los Lagos
67%
25,80% 85.043 Los Ríos
67%
17,35% 159.538 Maule
67%
23,60% 100.312 Ñuble
67%
13,43% 108.689 O'Higgins
67%
13,71% 39.684 Tarapacá
67%
No se encontraron pruebas coincidentes
Distribución de puntuación
Porcentaje de gente con cada puntuación
Porcentaje por número respondido
Historial de tus puntuaciones
No has intentado esta prueba.